¿Bandera correcta o incorrecta? #2 - Muerte súbita - Estadísticas

Estadísticas generales
  • Esta prueba ha sido intentada 2.511 veces
  • La puntuación promedio es 4 de 20
Answers on the Grid
Answers color-coded by a green-red scale on the quiz's grid according to % correct below.
 
Estadísticas de respuestas
Respuesta % Correcto
29%
24%
24%
24%
23%
21%
20%
20%
20%
19%
18%
17%
15%
15%
14%
13%
13%
13%
10%
6%
No se encontraron pruebas coincidentes
Distribución de puntuación
Porcentaje de gente con cada puntuación
Porcentaje por número respondido
Historial de tus puntuaciones
No has intentado esta prueba.